000 00450nmm a2200169Ia 4500
008 251105s9999||||xx |||||||||||||||||und||
020 _a9789588869001
041 _aspa
100 _aUribe Arango, Jairo
245 0 _aSucesiones
264 _a[Bogotá, Colombia] :
_bEdiciones Unaula,
_c2014
300 _a122 páginas
490 _aIus et Respublica
650 _aLaw
856 _uhttps://public.digitaliapublishing.com/a/37051
942 _cCF
999 _c96628
_d96628